[Event "Schachfestival 2013 - Open"]
[Site "Bad Woerishofen"]
[Date "2013.03.05"]
[Round "6.39"]
[White "Von Saldern, Ruediger"]
[Black "Klamp, Christoph"]
[Result "0-1"]
[WhiteElo "1964"]
[BlackElo "2092"]
[Annotator "chessorg"]
[PlyCount "72"]
[EventDate "2013.??.??"]
[WhiteTeam "SF Starnberger See e.V."]
[BlackTeam "Schachforum Darmstadt"]

1. d4 f5 2. g3 g6 3. Bg2 Nf6 4. Nd2 Bg7 5. e4 fxe4 6. Nxe4 c6 7. Nxf6+ Bxf6 8.
Ne2 d6 9. Bh6 Qa5+ 10. c3 Bg4 11. h3 Bxe2 12. Qxe2 Bxd4 13. O-O Bf6 14. Rad1
Qe5 15. Qc4 Nd7 16. Rfe1 d5 17. Qb3 Qc7 18. c4 d4 19. Qa3 Kf7 20. c5 Rhe8 21.
Qb3+ e6 22. Bf4 Qc8 23. Bd6 Nf8 24. Qf3 Kg7 25. h4 e5 26. h5 Qf5 27. Qb3 Qd7
28. Be4 gxh5 29. Kg2 Ng6 30. Rh1 h4 31. Qf3 Qf7 32. Qg4 Rad8 33. gxh4 Kh8 34.
h5 Nf4+ 35. Kf3 Rg8 36. Qf5 Rg5 0-1

[Event "Schachfestival 2013 - Open"]
[Site "Bad Woerishofen"]
[Date "2013.03.05"]
[Round "6.44"]
[White "Kluegel, Jan"]
[Black "Valet, Richard"]
[Result "0-1"]
[WhiteElo "1898"]
[BlackElo "2056"]
[Annotator "chessorg"]
[PlyCount "48"]
[EventDate "2013.??.??"]
[WhiteTeam "SV VHS Rendsburg"]
[BlackTeam "Greifswalder Schachverein"]

1. d4 Nf6 2. Nf3 g6 3. Bf4 Bg7 4. e3 d6 5. Be2 O-O 6. h3 Nbd7 7. c4 Re8 8. Bh2
c6 9. O-O Ne4 10. Nc3 Nxc3 11. bxc3 e5 12. Qc2 Qe7 13. Rfe1 f5 14. Qb3 c5 15.
Rad1 b6 16. Rd2 e4 17. Bxd6 Qxd6 18. dxc5 Qe7 19. cxb6 Nc5 20. Qa3 exf3 21.
Bxf3 Ne4 22. Qxe7 Rxe7 23. Rd8+ Kf7 24. c5 Bb7 0-1

[Event "Schachfestival 2013 - Open"]
[Site "Bad Woerishofen"]
[Date "2013.03.05"]
[Round "6.52"]
[White "Haugg, Gerhard"]
[Black "Pleyer, Felix"]
[Result "0-1"]
[WhiteElo "1951"]
[BlackElo "2147"]
[Annotator "chessorg"]
[PlyCount "56"]
[EventDate "2013.??.??"]
[WhiteTeam "Spgem Koetz/Ichenhausen"]
[BlackTeam "SC Sonthofen"]

1. d4 Nf6 2. c4 c5 3. d5 d6 4. Nc3 g6 5. e4 Bg7 6. Bd3 O-O 7. Nf3 Bg4 8. h3
Bxf3 9. Qxf3 Na6 10. Qd1 Rb8 11. O-O Nc7 12. Bd2 a6 13. a4 b6 14. Rb1 Nd7 15.
f4 e6 16. Qc2 Rb7 17. b4 cxb4 18. Rxb4 Nc5 19. Be2 Re8 20. Bf3 exd5 21. exd5
Qf6 22. Ne2 a5 23. Rbb1 N7a6 24. Rfc1 Nb4 25. Bxb4 axb4 26. Rxb4 Rxe2 27. Qxe2
Qd4+ 28. Kh2 Qxf4+ 0-1

[Event "Schachfestival 2013 - Open"]
[Site "Bad Woerishofen"]
[Date "2013.03.05"]
[Round "6.50"]
[White "Schinnerl, Werner"]
[Black "Wimmer, Alfred"]
[Result "1-0"]
[WhiteElo "1893"]
[BlackElo "2018"]
[Annotator "chessorg"]
[PlyCount "32"]
[EventDate "2013.??.??"]
[WhiteTeam "Reutte"]
[BlackTeam "SC Moosburg 1956 e.V."]

1. e4 e6 2. d4 d5 3. Nc3 Bb4 4. Bd2 Bxc3 5. Bxc3 dxe4 6. Qg4 Nf6 7. Qxg7 Rg8 8.
Qh6 Rg6 9. Qe3 b6 10. O-O-O Nbd7 11. Nh3 Bb7 12. Nf4 Rg8 13. f3 Qe7 14. fxe4
Nxe4 15. d5 Nxc3 16. Qxc3 O-O-O 1-0

[Event "Schachfestival 2013 - Open"]
[Site "Bad Woerishofen"]
[Date "2013.03.05"]
[Round "6.51"]
[White "Margraf, Christoph"]
[Black "Herbold, Manfred"]
[Result "1/2-1/2"]
[WhiteElo "1931"]
[BlackElo "2078"]
[Annotator "chessorg"]
[PlyCount "98"]
[EventDate "2013.??.??"]
[WhiteTeam "SC Ansbach 1855"]
[BlackTeam "SF Botvinnik Steinsfurt"]

1. Nf3 Nf6 2. c4 e6 3. g3 b6 4. Bg2 Bb7 5. Nc3 Be7 6. O-O c5 7. a3 O-O 8. d3
Nc6 9. Ne5 Qc8 10. Nxc6 Bxc6 11. Bxc6 Qxc6 12. Rb1 d5 13. Qa4 Qxa4 14. Nxa4
dxc4 15. dxc4 Rfd8 16. Nc3 Rd7 17. f3 Rad8 18. Be3 Ne8 19. Rfd1 Nd6 20. b3 Bf6
21. Ne4 Bd4 22. Bxd4 Nxe4 23. fxe4 Rxd4 24. Rxd4 Rxd4 25. Kf2 Kf8 26. Ke3 f6
27. Rc1 Ke7 28. Rc3 Rd1 29. Rd3 Ra1 30. a4 g5 31. Kf3 h5 32. h4 gxh4 33. gxh4
Rg1 34. Kf2 Rg4 35. e5 fxe5 36. Rg3 Rxh4 37. Rg7+ Kd6 38. Rxa7 Rh3 39. e3 Rh2+
40. Kf3 Rb2 41. a5 bxa5 42. Ra6+ Ke7 43. Rxa5 h4 44. Rxc5 Kd6 45. Rc8 h3 46.
Rh8 h2 47. Ke4 Rxb3 48. Rxh2 Rc3 49. Rd2+ Ke7 1/2-1/2

[Event "Schachfestival 2013 - Open"]
[Site "Bad Woerishofen"]
[Date "2013.03.05"]
[Round "6.53"]
[White "Stein, Marco"]
[Black "Gerhards, Walter"]
[Result "1-0"]
[WhiteElo "2147"]
[BlackElo "1953"]
[Annotator "chessorg"]
[PlyCount "67"]
[EventDate "2013.??.??"]
[WhiteTeam "SK Marktoberdorf"]
[BlackTeam "Ratinger Schachklub 1950"]

1. d4 d5 2. c4 e6 3. Nc3 Nf6 4. Bg5 Be7 5. Nf3 O-O 6. e3 Nbd7 7. Rc1 c5 8. cxd5
Nxd5 9. Bxe7 Qxe7 10. Nxd5 exd5 11. dxc5 Nxc5 12. Qxd5 Ne4 13. Qb3 Bg4 14. h3
Bh5 15. g4 Bg6 16. Be2 Rad8 17. O-O h5 18. Qa3 Qf6 19. Nd4 Qh4 20. Kg2 Kh7 21.
Nf3 Qf6 22. Qa5 hxg4 23. hxg4 Qxb2 24. Bc4 Nd2 25. Nxd2 Rxd2 26. Rcd1 Be4+ 27.
Kg3 Qf6 28. Qh5+ Kg8 29. Rxd2 Qf3+ 30. Kh4 g6 31. Qe5 Kh7 32. Be2 Qg2 33. Qg3
g5+ 34. Kxg5 1-0

[Event "Schachfestival 2013 - Open"]
[Site "Bad Woerishofen"]
[Date "2013.03.05"]
[Round "6.65"]
[White "Herold, Gunther"]
[Black "Spanton, Timothy"]
[Result "1-0"]
[WhiteElo "1866"]
[BlackElo "2024"]
[Annotator "chessorg"]
[PlyCount "97"]
[EventDate "2013.??.??"]
[WhiteTeam "SK Oberguenzburg"]
[BlackTeam "Hastings"]

1. f4 e5 2. fxe5 d6 3. Nf3 dxe5 4. e4 Bc5 5. c3 Nf6 6. Qc2 Ng4 7. Be2 Bf2+ 8.
Kf1 Bb6 9. h3 Nh6 10. d3 Nc6 11. Na3 Be6 12. Bg5 f6 13. Bxh6 gxh6 14. Qd2 Qe7
15. Nh4 O-O-O 16. Nf5 Bxf5 17. exf5 e4 18. d4 Rhg8 19. Nc2 Rg3 20. Qf4 Rg5 21.
Rd1 Kb8 22. h4 Rg7 23. Rh3 Rdg8 24. Ne1 Qf7 25. b3 Re8 26. Re3 Qd5 27. Bc4 Qd6
28. Rxe4 Qxf4+ 29. Rxf4 Rg3 30. Rd3 Rge3 31. Rxe3 Rxe3 32. Rf3 Rxf3+ 33. Nxf3
Ne7 34. Be6 c6 35. Nd2 Nd5 36. Bxd5 cxd5 37. Ke2 Bc7 38. h5 Bf4 39. c4 Kc7 40.
cxd5 Kd6 41. Ne4+ Kxd5 42. Kd3 Bg5 43. Nc5 b6 44. Ne4 a6 45. g3 a5 46. a4 Kc6
47. Kc4 Kd7 48. Kd5 Kc7 49. Nxg5 1-0

[Event "Schachfestival 2013 - Open"]
[Site "Bad Woerishofen"]
[Date "2013.03.05"]
[Round "6.72"]
[White "Rahls, Peter"]
[Black "Schellmann, Frank"]
[Result "0-1"]
[WhiteElo "2286"]
[BlackElo "2136"]
[Annotator "chessorg"]
[PlyCount "74"]
[EventDate "2013.??.??"]
[BlackTeam "SG Einheit Halle"]

1. e4 e5 2. Nc3 Nf6 3. g3 d5 4. exd5 Nxd5 5. Bg2 Nxc3 6. bxc3 Nc6 7. Nf3 Bc5 8.
O-O O-O 9. Re1 Qf6 10. d3 Bg4 11. h3 Bh5 12. g4 Bg6 13. Bg5 Qd6 14. Nd2 f5 15.
Nc4 Qd7 16. Bxc6 Qxc6 17. Nxe5 Qd5 18. d4 Bb6 19. Nxg6 hxg6 20. Re5 Qc6 21.
gxf5 Rxf5 22. Rxf5 gxf5 23. Qd3 Re8 24. Bf4 Ba5 25. c4 Re4 26. Be5 Qh6 27. Kh2
Bd2 28. Bg3 Bf4 29. Rd1 g5 30. Bxf4 Rxf4 31. Kg2 g4 32. hxg4 Rxg4+ 33. Kf1 Qh5
34. c3 Kh8 35. Rb1 Re4 36. Qg3 Qe2+ 37. Kg2 Rg4 0-1

[Event "Schachfestival 2013 - Open"]
[Site "Bad Woerishofen"]
[Date "2013.03.05"]
[Round "6.77"]
[White "Dobierzin, Olaf"]
[Black "Beulertz, Stefan"]
[Result "0-1"]
[WhiteElo "2056"]
[BlackElo "1971"]
[Annotator "chessorg"]
[PlyCount "34"]
[EventDate "2013.??.??"]
[WhiteTeam "Schachgemeinschaft Leipzig"]
[BlackTeam "Schachclub Werl 1981 e.V."]

1. e4 e6 2. d4 d5 3. e5 c5 4. c3 Nc6 5. Nf3 Nh6 6. Bxh6 gxh6 7. Be2 Bg7 8. O-O
O-O 9. Qd2 cxd4 10. cxd4 f6 11. exf6 Qxf6 12. Rd1 Bd7 13. Nc3 a6 14. Bd3 Be8
15. a3 Bh5 16. Qe3 Bxf3 17. gxf3 Nxd4 0-1

[Event "Schachfestival 2013 - Open"]
[Site "Bad Woerishofen"]
[Date "2013.03.05"]
[Round "6.90"]
[White "Wieczorek, Heinz"]
[Black "Lang, Ludwig"]
[Result "1-0"]
[WhiteElo "1818"]
[BlackElo "1413"]
[Annotator "chessorg"]
[PlyCount "65"]
[EventDate "2013.??.??"]
[WhiteTeam "SW Nuernberg Sued e.V."]
[BlackTeam "SK Bobingen"]

1. e4 e5 2. Nf3 Nc6 3. d4 exd4 4. Nxd4 Nxd4 5. Qxd4 h6 6. Nc3 Qe7 7. Bf4 c5 8.
Qc4 Nf6 9. O-O-O d6 10. Bxd6 Qe6 11. Qxc5 Nd7 12. Bb5 a6 13. Bxd7+ Bxd7 14. e5
Rc8 15. Qb4 Bc6 16. f3 Be7 17. Rhe1 Rd8 18. Bxe7 Rxd1+ 19. Rxd1 Qxe7 20. Qd6
Qxd6 21. Rxd6 O-O 22. Nd5 Re8 23. f4 Re6 24. Rxe6 fxe6 25. Ne7+ Kf7 26. Nxc6
bxc6 27. Kd2 Ke7 28. Kd3 Kd7 29. Ke4 g6 30. g4 Ke7 31. Kd4 Kd7 32. Kc5 Kc7 33.
b4 1-0

[Event "Schachfestival 2013 - Open"]
[Site "Bad Woerishofen"]
[Date "2013.03.07"]
[Round "7.1"]
[White "Epishin, Vladimir"]
[Black "Braun, Christian"]
[Result "1-0"]
[WhiteElo "2607"]
[BlackElo "2385"]
[Annotator "chessorg"]
[PlyCount "83"]
[EventDate "2013.??.??"]
[WhiteTeam "Luebecker SV von 1873"]
[BlackTeam "DJK Aufwaerts St. Josef Aachen 19"]

1. d4 Nf6 2. Nf3 g6 3. g3 Bg7 4. Bg2 d5 5. O-O O-O 6. Nbd2 c6 7. c4 Ne4 8. cxd5
cxd5 9. Ne5 Nxd2 10. Bxd2 Nd7 11. Bc3 Nf6 12. Qb3 Ne4 13. Rfd1 Nxc3 14. bxc3
Qc7 15. Nd3 e6 16. Rac1 Qc4 17. Qxc4 dxc4 18. Nb2 Bd7 19. Rd2 Rab8 20. Nxc4
Rfc8 21. Ne3 b5 22. Bf3 Bh6 23. Be4 Bc6 24. Bd3 Bd5 25. f4 Bg7 26. Rdc2 b4 27.
Nxd5 exd5 28. e3 bxc3 29. Rxc3 Re8 30. Kf2 Rb2+ 31. R1c2 Rxc2+ 32. Bxc2 Bf8 33.
Ba4 Rb8 34. Bb3 Rd8 35. Rc7 a6 36. Ra7 Rd6 37. e4 dxe4 38. Rxf7 h6 39. Ke3 g5
40. f5 h5 41. f6 g4 42. Rg7+ 1-0

[Event "Schachfestival 2013 - Open"]
[Site "Bad Woerishofen"]
[Date "2013.03.07"]
[Round "7.2"]
[White "Mainka, Romuald"]
[Black "Pap, Misa"]
[Result "1-0"]
[WhiteElo "2430"]
[BlackElo "2511"]
[Annotator "chessorg"]
[PlyCount "69"]
[EventDate "2013.??.??"]
[WhiteTeam "Schachclub Hansa Dortmund e.V."]
[BlackTeam "Sfr. Korbach"]

1. e4 c5 2. Nf3 g6 3. d4 cxd4 4. Nxd4 Bg7 5. Nc3 Nc6 6. Be3 Nf6 7. Be2 O-O 8.
f4 d6 9. Nb3 a5 10. a4 Nb4 11. O-O Bd7 12. Bf3 Qc8 13. Kh1 Be6 14. Nd4 Bc4 15.
Rf2 Nd7 16. Bg4 Qd8 17. Rd2 Nb6 18. b3 Ba6 19. Rb1 h5 20. Bh3 Qc7 21. Ncb5 Bxb5
22. Nxb5 Qc6 23. f5 Na6 24. fxg6 fxg6 25. Nxd6 exd6 26. Rxd6 Rf1+ 27. Qxf1 Qxd6
28. Qb5 Qc7 29. Bxb6 Qxc2 30. Qd5+ Kh7 31. Rf1 Rc8 32. Bxc8 Qxc8 33. Qf7 Qc3
34. h3 Qb4 35. Bd8 1-0

[Event "Schachfestival 2013 - Open"]
[Site "Bad Woerishofen"]
[Date "2013.03.07"]
[Round "7.4"]
[White "Starostits, Ilmars"]
[Black "Gutman, Lev"]
[Result "1-0"]
[WhiteElo "2470"]
[BlackElo "2470"]
[Annotator "chessorg"]
[PlyCount "45"]
[EventDate "2013.??.??"]
[WhiteTeam "SC Schwegenheim"]
[BlackTeam "SV Lingen"]

1. e4 c5 2. Nc3 d6 3. g3 Nc6 4. Bg2 g6 5. d3 Bg7 6. f4 Bd7 7. Nh3 c4 8. O-O
cxd3 9. cxd3 Bxh3 10. Bxh3 Nf6 11. Qb3 Rb8 12. Be3 O-O 13. f5 b5 14. Rac1 Ne5
15. Bxa7 Rb7 16. Bd4 b4 17. fxg6 hxg6 18. Nd5 Nh7 19. Rc8 Qa5 20. Rxf8+ Nxf8
21. Bc8 Ne6 22. Bxe6 fxe6 23. Nf4 1-0

[Event "Schachfestival 2013 - Open"]
[Site "Bad Woerishofen"]
[Date "2013.03.07"]
[Round "7.5"]
[White "Wichmann, Cliff"]
[Black "Teske, Henrik"]
[Result "1/2-1/2"]
[WhiteElo "2349"]
[BlackElo "2513"]
[Annotator "chessorg"]
[PlyCount "26"]
[EventDate "2013.??.??"]
[WhiteTeam "ESV Nickelhuette Aue"]
[BlackTeam "SC 1950 Remagen"]

1. d4 Nf6 2. Nf3 g6 3. c4 Bg7 4. Nc3 d5 5. Bf4 dxc4 6. e4 O-O 7. Bxc4 Bg4 8.
Be2 Nfd7 9. O-O Nc6 10. d5 Bxf3 11. Bxf3 Nd4 12. Be3 c5 13. dxc6 Nxf3+ 1/2-1/2

[Event "Schachfestival 2013 - Open"]
[Site "Bad Woerishofen"]
[Date "2013.03.07"]
[Round "7.8"]
[White "Singer, Christoph"]
[Black "Karpatchev, Aleksandr"]
[Result "0-1"]
[WhiteElo "2356"]
[BlackElo "2487"]
[Annotator "chessorg"]
[PlyCount "90"]
[EventDate "2013.??.??"]
[WhiteTeam "FC Bayern Muenchen e.V."]
[BlackTeam "SF Bad Mergentheim"]

1. e4 e5 2. Bc4 Nf6 3. d3 Nc6 4. Nf3 Bc5 5. Nc3 a6 6. Be3 Bb4 7. O-O Bxc3 8.
bxc3 d6 9. Ng5 O-O 10. f4 Qe7 11. Qe1 h6 12. Nf3 exf4 13. Bxf4 Be6 14. Bb3 a5
15. Nh4 a4 16. Bxe6 Qxe6 17. Nf5 Kh7 18. Qh4 Ng8 19. Rf3 Nce7 20. Nd4 Qd7 21.
Raf1 Ng6 22. Qg3 Nxf4 23. Rxf4 f6 24. Nf5 Qf7 25. c4 Ra5 26. h4 g6 27. Ne3 Qg7
28. Qf2 Re5 29. Ng4 Re6 30. Qa7 b6 31. Qxa4 h5 32. Ne3 Nh6 33. Qc6 Rf7 34. Qd5
Re5 35. Qd4 f5 36. exf5 gxf5 37. Nd5 Ng4 38. Nc3 Ne3 39. R1f2 Ng4 40. Rf1 Qf6
41. g3 c5 42. Ne4 cxd4 43. Nxf6+ Rxf6 44. Rxd4 Re2 45. Rdf4 Kg6 0-1

[Event "Schachfestival 2013 - Open"]
[Site "Bad Woerishofen"]
[Date "2013.03.07"]
[Round "7.15"]
[White "Schatz, Christian"]
[Black "Fries, Frederik"]
[Result "1/2-1/2"]
[WhiteElo "2195"]
[BlackElo "2149"]
[Annotator "chessorg"]
[PlyCount "65"]
[EventDate "2013.??.??"]
[WhiteTeam "Schachzentrum Fuerth 2002"]
[BlackTeam "SC Caissa Schwarzenbach"]

1. Nf3 d5 2. d4 c6 3. c4 Nf6 4. e3 a6 5. Nbd2 Bg4 6. Qb3 Qc7 7. cxd5 cxd5 8.
Ne5 Bh5 9. Qa4+ Nc6 10. Bb5 Rc8 11. Bxc6+ bxc6 12. Nb3 Ng4 13. Nxg4 Bxg4 14.
Bd2 Bd7 15. Nc5 e5 16. Nxd7 Kxd7 17. dxe5 Qxe5 18. Bc3 Qg5 19. O-O Bd6 20. Rfd1
Rhe8 21. Rd4 Re6 22. Rg4 Qh5 23. Rh4 Qf5 24. Qg4 Qxg4 25. Rxg4 g6 26. Ra4 Ra8
27. Rd1 f5 28. g3 Re4 29. Rdd4 Rxd4 30. Rxd4 Bc7 31. Kg2 Bb6 32. Rb4 Bc7 33.
Kf3 1/2-1/2

[Event "Schachfestival 2013 - Open"]
[Site "Bad Woerishofen"]
[Date "2013.03.07"]
[Round "7.16"]
[White "Jameson, David"]
[Black "Pitschka, Claus"]
[Result "1/2-1/2"]
[WhiteElo "2113"]
[BlackElo "2216"]
[Annotator "chessorg"]
[PlyCount "40"]
[EventDate "2013.??.??"]
[WhiteTeam "SC-Starnberg"]
[BlackTeam "SC Garching 1980 e.V."]

1. e4 Nf6 2. e5 Nd5 3. c4 Nb6 4. c5 Nd5 5. Nc3 e6 6. Nxd5 exd5 7. d4 d6 8. cxd6
cxd6 9. Nf3 Nc6 10. Bd3 Bg4 11. O-O dxe5 12. dxe5 Be7 13. h3 Bh5 14. Bf4 O-O
15. Re1 Qd7 16. Rc1 Bg6 17. a3 Nd8 18. Re2 Ne6 19. Be3 Rfd8 20. Bxg6 hxg6
1/2-1/2

[Event "Schachfestival 2013 - Open"]
[Site "Bad Woerishofen"]
[Date "2013.03.07"]
[Round "7.20"]
[White "Hess, Max"]
[Black "Neumann, Joachim"]
[Result "1/2-1/2"]
[WhiteElo "2001"]
[BlackElo "2169"]
[Annotator "chessorg"]
[PlyCount "56"]
[EventDate "2013.??.??"]
[WhiteTeam "Post-SV Memmingen"]
[BlackTeam "Kieler SG von 1884 / Meerbauer"]

1. e4 c5 2. Nf3 Nc6 3. d4 cxd4 4. Nxd4 Nf6 5. Nc3 e5 6. Ndb5 d6 7. Nd5 Nxd5 8.
exd5 Nb8 9. c4 Be7 10. Be2 O-O 11. O-O a6 12. Nc3 f5 13. f4 Nd7 14. Kh1 Bf6 15.
Qc2 exf4 16. Bxf4 Ne5 17. a4 g5 18. Be3 f4 19. Bg1 Bg4 20. Bxg4 Nxg4 21. Ne4
Be5 22. Qe2 Nh6 23. Qh5 Nf7 24. c5 Qd7 25. cxd6 Qf5 26. Nc5 Nxd6 27. Ne6 g4 28.
Qh6 Qf6 1/2-1/2

[Event "Schachfestival 2013 - Open"]
[Site "Bad Woerishofen"]
[Date "2013.03.07"]
[Round "7.24"]
[White "Santl, Anton"]
[Black "Schelle, Artur"]
[Result "0-1"]
[WhiteElo "2081"]
[BlackElo "2208"]
[Annotator "chessorg"]
[PlyCount "42"]
[EventDate "2013.??.??"]
[WhiteTeam "Schachunion Muenchen"]
[BlackTeam "SC Tarrasch 45 Muenchen"]

1. Nf3 f5 2. e4 fxe4 3. Ng5 Nc6 4. d3 e3 5. Bxe3 e5 6. Be2 Be7 7. Nf3 Nf6 8.
O-O O-O 9. h3 Nd5 10. Bd2 Nf4 11. Bxf4 Rxf4 12. Qd2 d6 13. c4 Bg5 14. Nxg5 Qxg5
15. Qe3 Nd4 16. Nc3 Nf5 17. Qc1 Nh4 18. g3 Bxh3 19. Nd5 Bxf1 20. Kxf1 Qxg3 21.
Nxf4 Qxf4 0-1

[Event "Schachfestival 2013 - Open"]
[Site "Bad Woerishofen"]
[Date "2013.03.07"]
[Round "7.25"]
[White "Kannenberg, Karl-Heinz"]
[Black "Muehlbach, Peter"]
[Result "1-0"]
[WhiteElo "2200"]
[BlackElo "2089"]
[Annotator "chessorg"]
[PlyCount "45"]
[EventDate "2013.??.??"]
[WhiteTeam "SC Kitzingen von 1905"]
[BlackTeam "SG Heidelberg-Kirchheim"]

1. d4 f5 2. Nf3 Nf6 3. c4 g6 4. e3 Bg7 5. Be2 d6 6. O-O O-O 7. Nc3 c6 8. b4 Qc7
9. a4 e5 10. Ba3 e4 11. Nd2 Be6 12. Rc1 Qe7 13. d5 Bf7 14. dxc6 bxc6 15. Nb3
Nbd7 16. Na5 Ne5 17. b5 c5 18. Nd5 Bxd5 19. cxd5 Qf7 20. Nc6 Nfd7 21. a5 f4 22.
Bg4 f3 23. Be6 1-0

[Event "Schachfestival 2013 - Open"]
[Site "Bad Woerishofen"]
[Date "2013.03.07"]
[Round "7.26"]
[White "Valet, Richard"]
[Black "Kozlov, Alexander"]
[Result "1/2-1/2"]
[WhiteElo "2056"]
[BlackElo "2187"]
[Annotator "chessorg"]
[PlyCount "63"]
[EventDate "2013.??.??"]
[WhiteTeam "Greifswalder Schachverein"]
[BlackTeam "SC Swegenheim"]

1. e4 d6 2. Nc3 Nf6 3. g3 e5 4. Bg2 c6 5. d4 Qb6 6. Nge2 Be7 7. O-O O-O 8. h3
Nbd7 9. Kh2 Re8 10. Rb1 Bf8 11. Be3 Qc7 12. Qd2 b5 13. a3 a5 14. Ra1 Bb7 15. b4
Nb6 16. d5 Nc4 17. Qd3 axb4 18. axb4 Nxe3 19. Qxe3 cxd5 20. exd5 Qc4 21. Qd3 e4
22. Qxc4 bxc4 23. Rxa8 Bxa8 24. Ra1 Bxd5 25. Nxd5 Nxd5 26. b5 f5 27. Nd4 Rb8
28. Bf1 Nb6 29. Ra6 d5 30. Nc6 Rb7 31. Na5 Rb8 32. Nc6 1/2-1/2

[Event "Schachfestival 2013 - Open"]
[Site "Bad Woerishofen"]
[Date "2013.03.07"]
[Round "7.39"]
[White "Pleyer, Felix"]
[Black "Specht, Helmut"]
[Result "1-0"]
[WhiteElo "2147"]
[BlackElo "2019"]
[Annotator "chessorg"]
[PlyCount "81"]
[EventDate "2013.??.??"]
[WhiteTeam "SC Sonthofen"]
[BlackTeam "TSV Mindelheim"]

1. e4 c6 2. d4 d5 3. exd5 cxd5 4. Bd3 Nc6 5. c3 Qc7 6. h3 e6 7. Nf3 Bd6 8. O-O
Nge7 9. Re1 Ng6 10. Na3 a6 11. Nc2 O-O 12. Ng5 Bh2+ 13. Kh1 Bf4 14. Bxf4 Qxf4
15. Qh5 h6 16. Nxf7 Qxf7 17. Bxg6 Qxf2 18. Rf1 Qxf1+ 19. Rxf1 Rxf1+ 20. Kh2 Ne7
21. Bd3 Rf7 22. Ne3 Bd7 23. Ng4 Rd8 24. Ne5 Rff8 25. g4 Be8 26. Qh4 Rf6 27. g5
hxg5 28. Qh7+ Kf8 29. Qh8+ Ng8 30. Ng4 Rf4 31. Kg3 Rd7 32. Ne5 Rc7 33. Bh7 Bf7
34. Bxg8 Bxg8 35. Ng6+ Kf7 36. Nxf4 gxf4+ 37. Kxf4 Kf8 38. Ke3 Rf7 39. Qh4 Rf6
40. Qg3 Rf7 41. Qb8+ 1-0

[Event "Schachfestival 2013 - Open"]
[Site "Bad Woerishofen"]
[Date "2013.03.07"]
[Round "7.40"]
[White "Hamlack, Heinz"]
[Black "Stein, Marco"]
[Result "1-0"]
[WhiteElo "1993"]
[BlackElo "2147"]
[Annotator "chessorg"]
[PlyCount "77"]
[EventDate "2013.??.??"]
[WhiteTeam "PSV Memmingen e.V."]
[BlackTeam "SK Marktoberdorf"]

1. e4 c5 2. Nf3 d6 3. d4 cxd4 4. Nxd4 Nf6 5. Nc3 a6 6. Be3 e5 7. Nb3 Be6 8. Be2
b5 9. O-O Nbd7 10. f4 Qc7 11. Nd5 Bxd5 12. exd5 Be7 13. Rc1 exf4 14. Rxf4 O-O
15. c4 b4 16. Nd4 Ne5 17. Nf5 Rfe8 18. c5 Qb8 19. c6 Bf8 20. Qd2 a5 21. Rh4 Qc8
22. Rf1 Ng6 23. Rd4 Ne4 24. Qc2 Nc5 25. Rdd1 Na6 26. Bh5 Nc7 27. Qf2 Ne5 28.
Qg3 g6 29. Bh6 Qd8 30. Bg5 Qb8 31. Bf6 Qa7+ 32. Kh1 Reb8 33. Qg5 Ne8 34. Bxe5
dxe5 35. d6 f6 36. Qg3 b3 37. a3 Kf7 38. Bf3 gxf5 39. Bd5# 1-0

[Event "Schachfestival 2013 - Open"]
[Site "Bad Woerishofen"]
[Date "2013.03.07"]
[Round "7.42"]
[White "Baeuml, Ulrich"]
[Black "Germes, Bernard"]
[Result "1-0"]
[WhiteElo "2094"]
[BlackElo "2017"]
[Annotator "chessorg"]
[PlyCount "45"]
[EventDate "2013.??.??"]
[WhiteTeam "SC Dillingen"]
[BlackTeam "Aytre"]

1. c4 d6 2. g3 g6 3. Bg2 Bg7 4. Nc3 c6 5. d3 e5 6. Rb1 f5 7. Nf3 Nh6 8. O-O Nf7
9. Bd2 Nd7 10. b4 Nf6 11. b5 Bd7 12. Qb3 Qc7 13. Rfc1 O-O 14. a4 Kh8 15. Qa3 e4
16. dxe4 fxe4 17. Ng5 Ne5 18. Ncxe4 Bf5 19. Nxf6 Bxb1 20. Nfxh7 Qe7 21. Nxf8
Rxf8 22. Rxb1 Nxc4 23. Qd3 1-0

[Event "Schachfestival 2013 - Open"]
[Site "Bad Woerishofen"]
[Date "2013.03.07"]
[Round "7.44"]
[White "Bohnstorff, Michael"]
[Black "Rumsey, Victor"]
[Result "1-0"]
[WhiteElo "2073"]
[BlackElo "1869"]
[Annotator "chessorg"]
[PlyCount "65"]
[EventDate "2013.??.??"]
[WhiteTeam "SV Winsen"]
[BlackTeam "Battersea"]

1. d4 Nf6 2. Nf3 e6 3. c3 c5 4. g3 Nc6 5. Bg2 d5 6. O-O Bd6 7. Be3 c4 8. b3 b5
9. a4 Qa5 10. Nbd2 Qxc3 11. axb5 Na5 12. Rc1 Qb4 13. bxc4 dxc4 14. Rb1 Qa3 15.
Qc2 Nd5 16. Nxc4 Nxc4 17. Qxc4 Nxe3 18. Qc6+ Ke7 19. Qxa8 Nxf1 20. Rxf1 Rd8 21.
Qe4 h6 22. Ne5 Bxe5 23. Qxe5 Qd6 24. Qxg7 Qxd4 25. Qxh6 Qe5 26. Qh4+ Ke8 27.
Bc6+ Bd7 28. Qc4 Bxc6 29. bxc6 Qd5 30. Rc1 Qxc4 31. Rxc4 Rd1+ 32. Kg2 Kd8 33.
Ra4 1-0

[Event "Schachfestival 2013 - Open"]
[Site "Bad Woerishofen"]
[Date "2013.03.07"]
[Round "7.45"]
[White "Kapfer, Ulrich"]
[Black "Martin, Milan"]
[Result "0-1"]
[WhiteElo "1902"]
[BlackElo "2065"]
[Annotator "chessorg"]
[PlyCount "86"]
[EventDate "2013.??.??"]
[WhiteTeam "SC Dillingen"]

1. c4 Nf6 2. Nc3 g6 3. g3 Bg7 4. Bg2 O-O 5. d3 c6 6. Nf3 d5 7. cxd5 cxd5 8. e3
Nc6 9. d4 Bf5 10. O-O Rc8 11. Bd2 Bd3 12. Re1 Ne4 13. Nxe4 dxe4 14. Ng5 Qd5 15.
Nh3 e5 16. Bc3 exd4 17. exd4 Nxd4 18. Nf4 Qc5 19. Nxd3 exd3 20. Qxd3 b5 21.
Rac1 Rfd8 22. Qe4 Qb6 23. Rcd1 b4 24. Bxd4 Rxd4 25. Rxd4 Bxd4 26. Qe2 Rc5 27.
Rd1 Rf5 28. Rd2 Rxf2 29. Qe8+ Kg7 30. Rxf2 Bxf2+ 31. Kh1 Qd4 32. Qe2 Qc5 33. b3
Bd4 34. Bf3 h5 35. Kg2 Qg5 36. Qe4 Qd2+ 37. Qe2 Qc1 38. Qd1 Qc5 39. Qe2 Bf6 40.
Qe8 h4 41. g4 Be5 42. Qc6 Qe3 43. Qc4 h3+ 0-1

[Event "Schachfestival 2013 - Open"]
[Site "Bad Woerishofen"]
[Date "2013.03.07"]
[Round "7.51"]
[White "Mack, Thomas"]
[Black "Stoll, Katja"]
[Result "1/2-1/2"]
[WhiteElo "2046"]
[BlackElo "1715"]
[Annotator "chessorg"]
[PlyCount "25"]
[EventDate "2013.??.??"]
[WhiteTeam "SC Tarrasch Muenchen"]
[BlackTeam "SC Weisse Dame Ulm e.V."]

1. e4 e5 2. Nf3 Nf6 3. Nc3 Nc6 4. Bb5 Bb4 5. O-O d6 6. Nd5 Bc5 7. b4 Bb6 8. d4
exd4 9. Nxd4 Bd7 10. Nxb6 axb6 11. Bg5 h6 12. Bh4 O-O 13. Bxc6 1/2-1/2

[Event "Schachfestival 2013 - Open"]
[Site "Bad Woerishofen"]
[Date "2013.03.07"]
[Round "7.52"]
[White "Herbold, Manfred"]
[Black "Frei, Markus"]
[Result "1-0"]
[WhiteElo "2078"]
[BlackElo "1962"]
[Annotator "chessorg"]
[PlyCount "36"]
[EventDate "2013.??.??"]
[WhiteTeam "SF Botvinnik Steinsfurt"]
[BlackTeam "Freibauer Moerlenbach-Birkenau"]

1. e4 c5 2. d4 cxd4 3. c3 d5 4. exd5 Qxd5 5. cxd4 e5 6. Nc3 Bb4 7. Qa4+ Nc6 8.
Qxb4 Nxb4 9. Nxd5 Nxd5 10. Bb5+ Bd7 11. Bxd7+ Kxd7 12. dxe5 Re8 13. f4 g5 14.
fxg5 Rxe5+ 15. Kf2 Nge7 16. Nf3 Re4 17. Bd2 Rc8 18. Rac1 Rec4 1-0